Normal view
MARC view
- Mr. Imran Said
Entry Personal Name
001 - CONTROL NUMBER
- control field: 55296
003 - CONTROL NUMBER IDENTIFIER
- control field: NUST
005 - DATE AND TIME OF LATEST TRANSACTION
- control field: 20210609120208.0
008 - FIXED-LENGTH DATA ELEMENTS
- fixed length control field: 210609|| aca||aabn | a|a d
040 ## - CATALOGING SOURCE
- Original cataloging agency: NUST
- Transcribing agency: NUST
100 ## - HEADING--PERSONAL NAME
- Personal name: Mr. Imran Said
670 ## - SOURCE DATA FOUND
- Source citation: Work cat.: (NUST): Zain Moin Shami : Muhammad Karim 55294, Impact of ICT on the GDP of Bangladesh, India and Srilanka:, 2021.
